000 00536nam a2200145Ia 4500
008 170221s9999 xx 000 0 und d
100 _aNik Ab Halim Nik Abdullah
245 _aLogistics and Supply Chain Related Issues Faced by Malaysian SMEs: A Case Study
245 _cNik Ab Halim Nik Abdullah, Sabariah Yaakub, Muhammad Subhan
260 _bInternational Review of Management and Marketing
260 _cJune 2014
300 _a6:1
650 _xMarketing.
856 _uhttp://www.econjournals.com/index.php/irmm/issue/view/82
999 _c310238
_d310238